LEADER 00990nam0-22003371i-450 001 990000372520403321 005 20230519123043.0 010 $a0-07-032692-4 035 $a000037252 035 $aFED01000037252 035 $a(Aleph)000037252FED01 035 $a000037252 100 $a20020821d1994----km-y0itay50------ba 101 0 $aeng 105 $ay-------001yy 200 1 $aLabView graphical programming$epractical applications in instrumentation and control$fGary W. Johnson 210 $aNew York$cMcGraw-Hill$dc1994 215 $aXVIII, 522 p.$cill.$d24 cm 225 1 $aVisual technology series 676 $a006$v20 700 1$aJohnson,$bGary W.$021855 801 0$aIT$bUNINA$gRICA$2UNIMARC 901 $aBK 912 $a990000372520403321 952 $a04 013-321$bIRC 1965/L$fDINCH 952 $a00 L1257$b2410$fDETEC 952 $a006-JOH-1$b219/2023$fSC1 959 $aSC1 959 $aDINCH 996 $aLabView graphical programming$9127115 997 $aUNINA LEADER 01149nam a2200265 i 4500 001 991003800109707536 008 080716s2007 gw a b 001 0 ger 020 $a9783515090278 035 $ab13753903-39ule_inst 040 $aDip.to Studi Giuridici$bita 082 0 $a292 100 1 $aEngels, David$0600583 245 14$aDas romische Vorzeichenwesen (753-27 v.Chr.) :$bQuellen, Terminologie, Kommentar, historische Entwicklung /$cDavid Engels 260 $aStuttgart :$bSteiner,$c2007 300 $a877 p. :$bill. ;$c25 cm 440 0$aPotsdamer altertumswissenschaftliche Beitrage ;$v22 504 $aInclude riferimenti bibliografici (p. 826-859) e indice 650 4$aDivinazione$zRoma 907 $a.b13753903$b14-03-16$c16-07-08 912 $a991003800109707536 945 $aLE027 R-XV/F 120$g1$i2027000213849$lle027$o-$pE98.00$q-$rl$s- $t0$u0$v0$w0$x0$y.i14885724$z21-11-08 945 $aLE007 292 ENG 01.01$g1$i2007000268445$lle007$op$pE112.50$q-$rl$s- $t0$u0$v0$w0$x0$y.i15714986$z14-03-16 996 $aRömische Vorzeichenwesen (753-27 v.Chr.$91023225 997 $aUNISALENTO 998 $ale027$b16-07-08$cm$da $e-$fger$ggw $h4$i0